| 000 | 00988pab a2200181 454500 | ||
|---|---|---|---|
| 008 | 180718b2008 xxu||||| |||| 00| 0 eng d | ||
| 100 | _aMonga, Anil | ||
| 245 | _aNew public management in India | ||
| 260 | _c2008 | ||
| 300 | _ap.39-56. | ||
| 362 | _aJan-Mar | ||
| 520 | _aPublic Administrations, under the influence of New Public Management (NPM) wave have introduced series of measures to make them more open, transparent, accountable and responsive all over the world. Government in India, in tune with these global trends, has launched number of initiatives. The present study makes an attempt to review these initiatives and examine their impact on administrative systems. The study concludes that mindless adoption of all the elements of NPM would prove counterproductive in developing countries like India. - Reproduced. | ||
| 650 | _aPublic administration - India | ||
| 650 | _aPublic administration | ||
| 773 | _aManagement in Government | ||
| 908 | _aN | ||
| 909 | _a78200 | ||
| 999 |
_c78200 _d78200 |
||